000 01177nam a22003137a 4500
001 7635
003 FISKH
005 20250729094749.0
008 250729b cb ||||| |||| 00| 0 eng d
020 _a9780545858021
040 _aFISKH
_beng
_cFISKH
_dFISKH
050 _aPZ7.S41267 B
082 _a813.6
100 _aScieszka, Jon
245 _aBattle bunny /
_cBy Jon Scieszka and Mac Barnett : Pictures by Matthew Myers
250 _aFirst Scholastic printing, March 2015
260 _aNew York :
_bScholastic ,
_c2013.
300 _a32 unnumbered pages :
_bcolor illustrations ;
_c24 cm .
505 _aM
520 _aAlex, whose birthday it is, hijacks a story about Birthday Bunny on his special day and turns it into a battle between a supervillain and his enemies in the forest--who, in the original story, are simply planning a surprise party.
521 8 _a540
_bLexile AD
521 8 _aM
_bRaz-Plus
650 _aRabbits
_vJuvenile Literature
650 _aWritting
_vJuvenile Literature
650 _aWriting process
_vJuvenile Literature
700 _aMyers, Matthew
_eIllustrator
942 _2ddc
_cBK
_n0
999 _c7635
_d7635